Geometry Dash Famous Creators - Statistics

General Stats
  • This quiz has been taken 608 times
    334 since last reset
  • The average score is 15 of 30
Answer Stats
Level Rated Creator % Correct
Conical Depression Extreme Demon KrmaL
85%
Nine Circles Hard Demon Zobros
85%
Black Blizzard Extreme Demon KrmaL
76%
Sonic Wave Extreme Demon Cyclic
74%
Falling Up Insane Demon KrmaL
74%
Poltergeist Insane Demon Andromeda
72%
Acropolis Insane Demon Zobros
60%
ToE II v2 Hard Demon IIINePtunEIII
59%
Lit Fuse Medium Demon KrmaL
58%
Lonely Travel Medium Demon FunnyGame
57%
Windy Landscape Insane Demon WOOGI1411
53%
Necropolis Insane Demon IIINePtunEIII
50%
Buck Force Easy Demon Rob Buck
50%
DeCode Easy Demon Rek3dge
47%
Dance Massacre Medium Demon Hinds
45%
Psychosis Hard Demon Hinds
45%
ICE Carbon Diablo X Insane Demon Roadbose
45%
Jawbreaker Hard Demon ZenthicAlpha
45%
Deadly ClubStep Hard Demon IIINePtunEIII
43%
Level Easy Normal Cody
40%
Devil Vortex Extreme Demon Rustam
39%
Fusion Hard Demon Manix648
36%
Spacelocked Medium Demon LazerBlitz
35%
Future Demoness Hard Demon MaJackO
35%
Bausha Vortex Extreme Demon Pennutoh
29%
Crimson Clutter Insane Demon RedUniverse
28%
Carnage Mode Insane Demon Findexi
27%
Astronaut 13 Hard Demon Minesap
24%
Laser Room Easy Demon TrueNature
19%
Aurora Extreme Demon TheKris
16%
No matching quizzes found
Score Distribution
Percent of People with Each Score
Percentile by Number Answered
Your Score History
You have not taken this quiz since the last reset